Imposición de la medalla de oro de la provincia al Marqués de Castell-Florite
Publicado:
San Jorge, núm. 73 (1r trimestre 1969), pàg 79 - 82 :
MARC
| LEADER | 00000nam a2200000Ia 4500 | ||
|---|---|---|---|
| 001 | |||
| 008 | 160829s9999 xx 000 0 cat d | ||
| 245 | |a Imposición de la medalla de oro de la provincia al Marqués de Castell-Florite | ||
| 260 | |a San Jorge, núm. 73 (1r trimestre 1969), pàg 79 - 82 | ||
| 600 | 1 | 0 | |a Buxó de Abaigar, Joaquín, |c marqués de Castell-Florite, |d 1905-1979 |x Medalles |9 54782 |
| 650 | 0 | |a Medalla d'Or de la Provincia de Barcelona |9 30314 | |
| 901 | |a Arxiu | ||
| 942 | |n 1 | ||
| 952 | |0 0 |1 0 |4 0 |7 1 |9 47499 |a Arxiu |b Arxiu |d 2016-12-01 |l 0 |r 2016-12-01 00:00:00 |w 2016-12-01 |y ARXIU | ||
| 999 | |c 51298 |d 51298 | ||